Famous people that were killed - Statistics

General Stats
  • This quiz has been taken 263 times
    166 since last reset
  • The average score is 13 of 25
Answer Stats
Year Hint Person % Correct
1963 Most recent US president to be murdered John F Kennedy
90%
1980 Was a member of the Beatles John Lennon
83%
44 b.c. One of the most famous leaders of Rome Julius Caesar
82%
1865 First US president to be murdered Abraham Lincoln
81%
1968 Led the US civil rights Movement Martin Luther King Jr.
81%
2011 Famous terrorist Osama Bin Laden
76%
1945 Was the leader of Italy in WW2 Benito Mussolini
70%
1965 Civil rights activist, portrayed by Denzel Washington Malcolm X
68%
1996 Was a Californian famous rapper Tupac Shakur
68%
1948 Was the leader of the Indian independance movement Mahatma Gandhi
66%
2006 Former dictator of Iraq Saddam Hussein
66%
1793 The last King of France Louis XVI of France
65%
1865 Killed the above John Wilkes Booth
56%
1779 The man who discovered Hawaii James Cook
53%
1967 Played an important role in the Cuban Revolution Che Guevara
52%
2011 Former dictator of Libya Maummar Gaddafi
47%
1969 Famous actress, killed in the Manson Murders Sharon Tate
47%
1997 Was a famous New York raper Biggie
36%
1882 Bandit who had the names of the members of Team Rocket Jesse James
28%
1995 Former N.W.A. member, possible murder through AIDS injection Eazy E
20%
1935 Was known as the "Dictator of Louisiana" Huey Long
18%
1521 The man who actually discovered America Juan Ponce de Leon
16%
2019 Famous California rapper Nipsey Hussle
10%
1940 Was one of the most important members in the Russian Revolution Leon Trotzky
8%
2006 D12 member, Eminem's best friend Proof
8%
No matching quizzes found
Score Distribution
Percent of People with Each Score
Percentile by Number Answered
Your Score History
You have not taken this quiz since the last reset